000 00737nam a22001817a 4500
005 20250206170232.0
008 241024b |||||||| |||| 00| 0 eng d
100 _aSerrano, Monica.
_eauthor.
_963458
245 _aAtlas :
_ba turbulent trip /
_cMonica Serrano, Soren Walljasper, Patricia Healy, and Eve Conant.
260 _aWashington ;
_bNational Geographic Partners, LLC.,
_cSeptember 2022.
300 _avolume 241, pages 31-33,
_billustration.
500 _aNational Geographic, v. 242, n. 3, pages 31-33, September 2022.
700 _aSerrano, Monica.
_eauthor.
_963457
700 _aWalljasper, Soren.
_eauthor.
_963459
700 _aHealy, Patricia.
_eauthor.
_963460
700 _aConant, Eve.
_eauthor.
_963461
942 _2ddc
_cPER
999 _c22914
_d22914